Eles não são anjos como eu (Record no. 56733)

MARC details
000 -LÍDER
campo de controle de tamanho fixo 00356 a2200157 4500
001 - NÚMERO DE CONTROLE
campo de controle 56733
020 ## - ISBN - INTERNATIONAL STANDARD BOOK NUMBER
ISBN - International Standard Book Number 8516042790
040 ## - FONTE DA CATALOGAÇÃO
Instituição que transcreveu o registro Anchieta - Pituba
100 ## - ENTRADA PRINCIPAL--NOME PESSOAL
Nome pessoal Kupstas, Marcia
240 10 - TÍTULO UNIFORME
Título uniforme Eles não são anjos como eu
Idioma da obra por
245 10 - TÍTULO
Título Eles não são anjos como eu
300 ## - DESCRIÇÃO FÍSICA
Extensão 200
362 0# - DATAS DE PUBLICAÇÃO E/OU DESIGNAÇÃO SEQUENCIAL
Datas de publicação e/ou designação sequencial 2004
650 #4 - ASSUNTO--TERMO TÓPICO
Cabeçalho tópico ou nome geográfico Literatura juvenil
942 ## - ELEMENTOS DE ENTRADA ADICIONADOS (KOHA)
Tipo de material Koha Livros
Holdings
Situação do descarte Situação das perdas Situação física Não pode ser emprestado Biblioteca de origem Biblioteca atual Data de aquisição Total de empréstimos Número de chamada completo Código de barras Data de último acesso Data do preço efetivo Tipo de material Koha Fonte da classificação ou esquema de arquivamento na estante Nota pública
        Colégio Anchieta - Pituba Colégio Anchieta - Pituba 21/11/2023   LJ 028.5 K96e KUP ELE 6342/PIT 21/11/2023 21/11/2023 Livros    
        Colégio Anchieta - Pituba Colégio Anchieta - Pituba 21/11/2023   LJ 028.5 K96e KUP ELE 23796/PIT 21/11/2023 21/11/2023 Livros    
        Novo Tempo - Aureliano São José Novo Tempo - Aureliano São José 17/05/2024     nt698 17/05/2024 17/05/2024 Livros Classificação Decimal de Dewey estante red